{"text_format":"3","workbook":"xlsx","n_sheets":1,"sheets":["Предмет"],"not_rendered":{"defined_names":8},"read":"whole","date_system":"1900"}

{"sheet":"Предмет","index":0,"n_rows":23,"n_cols":14,"rows_kept":23}
["№","Фамилия","Имя","Отчество","Пол","УчастниксОВЗ","Класс","Класс участия","Балл","Макс. Балл","Статус","Призер МЭ прошлого года","Учитель","Место работы учителя"]
[1,3,4,5,6,8,9,10,11,12,13,14,15,16]
[1,"Хакимбекова","Милана","Акмалевна","ж","нет",6,6,32,80,"участник",null,"Шигапова Г.Р.","МБОУ «Многопрофильная полилингвальная гимназия №180»"]
[2,"Шайхелисламов","Тагир","Булатович","м","нет",6,6,49,80,"призер",null,"Шигапова Г.Р.","МБОУ «Многопрофильная полилингвальная гимназия №180»"]
[3,"Петрова","Полина","Владимировна","ж","нет",7,7,49,80,"призер",null,"Шигапова Г.Р.","МБОУ «Многопрофильная полилингвальная гимназия №180»"]
[4,"Энаятуллах","Аминулла","СафиВалах","м","нет",7,7,23,80,"участник",null,"Шигапова Г.Р.","МБОУ «Многопрофильная полилингвальная гимназия №180»"]
[5,"Роднищев","Денис","Дмитриевич","м","нет",9,9,53,100,"призер",null,"Шигапова Г.Р.","МБОУ «Многопрофильная полилингвальная гимназия №180»"]
[6,"Юшин","Артем","Игоревич","м","нет",9,9,48,100,"участник",null,"Шигапова Г.Р.","МБОУ «Многопрофильная полилингвальная гимназия №180»"]
[7,"Антонов","Артур","Валерьевич","м","нет",10,10,64,100,"призер",null,"Шигапова Г.Р.","МБОУ «Многопрофильная полилингвальная гимназия №180»"]
[8,"Аскаров","Амир","Рустемович","м","нет",10,10,59,100,"призер",null,"Шигапова Г.Р.","МБОУ «Многопрофильная полилингвальная гимназия №180»"]
[9,"Ахметгалиев","Амир","Дамирович","м","нет",10,10,75,100,"призер",null,"Шигапова Г.Р.","МБОУ «Многопрофильная полилингвальная гимназия №180»"]
[10,"Багавеев","Амир","Дамирович","м","нет",10,10,77,100,"призер",null,"Шигапова Г.Р.","МБОУ «Многопрофильная полилингвальная гимназия №180»"]
[11,"Биктагиров","Тагир","Рафисович","м","нет",10,10,61,100,"призер",null,"Шигапова Г.Р.","МБОУ «Многопрофильная полилингвальная гимназия №180»"]
[12,"Жанов","Юсуф","Раулевич","м","нет",10,10,87,100,"победитель",null,"Шигапова Г.Р.","МБОУ «Многопрофильная полилингвальная гимназия №180»"]
[13,"Закиров","Рамиль","Ришатович","м","нет",10,10,13,100,"участник",null,"Шигапова Г.Р.","МБОУ «Многопрофильная полилингвальная гимназия №180»"]
[14,"Камалиев","Самат","Алмазович","м","нет",10,10,83,100,"призер",null,"Шигапова Г.Р.","МБОУ «Многопрофильная полилингвальная гимназия №180»"]
[15,"Кириллин","Арсений","Евгеньевич","м","нет",10,10,85,100,"победитель",null,"Шигапова Г.Р.","МБОУ «Многопрофильная полилингвальная гимназия №180»"]
[16,"Мубаракова","Камила","Ленаровна","ж","нет",10,10,62,100,"призер",null,"Шигапова Г.Р.","МБОУ «Многопрофильная полилингвальная гимназия №180»"]
[17,"Николаев","Алексей","Игоревич","м","нет",10,10,76,100,"призер",null,"Шигапова Г.Р.","МБОУ «Многопрофильная полилингвальная гимназия №180»"]
[18,"Рысаева","Анжелика","Дамировна","ж","нет",10,10,50,100,"участник",null,"Шигапова Г.Р.","МБОУ «Многопрофильная полилингвальная гимназия №180»"]
[19,"Сулейманов","Амир","Алмазович","м","нет",10,10,71,100,"призер",null,"Шигапова Г.Р.","МБОУ «Многопрофильная полилингвальная гимназия №180»"]
[20,"Сулейманов","Султан","Рафаэлевич","м","нет",10,10,67,100,"призер",null,"Шигапова Г.Р.","МБОУ «Многопрофильная полилингвальная гимназия №180»"]
[21,"Фалеева","Дарина","Романовна","ж","нет",10,10,90,100,"победитель",null,"Шигапова Г.Р.","МБОУ «Многопрофильная полилингвальная гимназия №180»"]